player Team history quiz - Statistics

General Stats
  • This quiz has been taken 2 times
  • The average score is 6 of 15
Answer Stats
Hint Answer % Correct
Oilers-Rangers-Canucks-Rangers Mark Messier
100%
Calgary Flames-St Louis Blues- Dallas Stars-Detroit Red Wings-Phoenix Coyotes Brett Hull
50%
Blackhawks-Sabres-Red Wings Dominik Hasek
50%
Atlanta Thrashers- Winnipeg Jets- San Jose Sharks, Edmonton Oilers Evander Kane
50%
Boston-San Jose-Leafs-Panthers Joe Thornton
50%
Maple Leafs- Colorado Avalanche-Calgary Flames Nazem Kadri
50%
Nashville Predators-Penguins-Panthers Patric Hornqvist
50%
Chicago Blackhawks-New York Rangers- Red Wings Patrick Kane
50%
Anaheim Ducks Ryan Getzlaf
50%
Bruins-Panthers-Stars Tim Thomas
50%
New York Islanders, Colorado Avalanche Devon Toews
0%
Pittsburgh Penguins,Edmonton Oilers-Los Angeles Kings-New York Rangers- San Jose Sharks-Boston Bruins Marty Mcsorley
0%
Oilers-Blues-Avalanche Nail Yakupov
0%
Sharks-Leafs-Penguins Patrick Marleau
0%
Detroit Red Wings-Boston Bruins-Maple Leafs Tyler Bertuzzi
0%
No matching quizzes found
Score Distribution
Percent of People with Each Score
Percentile by Number Answered
Your Score History
You have not taken this quiz